00407nam a2200121Ia 4500008004100000245006200041245001900103260000900122650001400131856004800145999001900193952007300212171211s9999 xx 000 0 und d aLong Walk to Freedom: The Autobiography of Nelson Mandela cNelson Mandela c1995 xBiography uhttp://down.ebook777.com/058/0316548189.pdf c349990d349990 001040aCLbCLd2017-12-11l0r2017-12-11 00:00:00w2017-12-11yCBE